| 000 | 00661nam a22001817i 4500 | ||
|---|---|---|---|
| 999 |
_c22809 _d22809 |
||
| 003 | AR-CdUCM | ||
| 008 | 240326b20042004pe ||||| |||| 00| 0 spa d | ||
| 040 |
_aMUNICIPALIDAD PROVINCIAL DEL CUSCO _cBIBLIOTECA MUNICIPAL DEL CUSCO |
||
| 041 | _hspa | ||
| 082 |
_a869.57 / C72 / e.2 _bC72 / e.2 |
||
| 100 |
_aCoaguila Valdivia, Jaime _949515 |
||
| 245 | _aEse Animal Solitario que es la Muerte y otros cuentos / | ||
| 260 |
_aLima : _bLago Sagrado Editores, _c2004 |
||
| 300 |
_a67 páginas. : _c19 cm. |
||
| 505 | _aEse animal solitario -- La aguja derrama una lágrima -- Los ojos de la doncella -- Cielo azul | ||
| 942 |
_2ddc _cLIBROS |
||
| 945 |
_apbj _d26-03-2024 |
||